00410nam a2200193Ia 4500003000900000008004100009040001300050040001300063041000800076100001800084245003300102250001100135260001200146260000900158300001100167300001200178490002000190490000600210IT-RoPAU120407s9999 xx 000 0 und d aIT-RoPAU cIT-RoPAU aita aMaxwell Gavin aL’anello di acque lucenti. aMilano aRizzoli c1977 a180 p. c22,5 cm aL’ornitorinco v1